[Event "Wch Seniors 65 26th"]
[Site "Marianske Lazne"]
[Date "2016.11.30"]
[Round "11"]
[White "Zelenka, Pavel"]
[Black "Hasberger, Walter"]
[Result "1/2-1/2"]
[WhiteElo "1563"]
[BlackElo "1739"]
[PlyCount "42"]
[EventDate "2016.11.19"]
[EventType "swiss"]
[EventRounds "11"]
[EventCountry "CZE"]
[SourceTitle "EXT 2018"]
[Source "ChessBase"]
[SourceDate "2017.10.13"]
[SourceVersion "1"]
[SourceVersionDate "2017.10.13"]
[SourceQuality "1"]

1. d4 d5 2. Nf3 Nf6 3. c4 c6 4. Nc3 e6 5. Bg5 Be7 6. e3 Nbd7 7. Bd3 0-0 8. 0-0 h6 9. Bh4 b6 10. cxd5 exd5 11. Rc1 Bb7 12. Qa4 b5 13. Qd1 a5 14. Qe2 b4 15. Na4 Ne4 16. Bxe7 Qxe7 17. Nd2 f5 18. Nb3 Rfe8 19. Rfe1 g6 20. f3 Nd6 21. Nbc5 Nxc5 1/2-1/2

[Event "Wch Seniors 65 26th"]
[Site "Marianske Lazne"]
[Date "2016.11.20"]
[Round "2"]
[White "Kopecek, Ivan"]
[Black "Zelenka, Pavel"]
[Result "1-0"]
[WhiteElo "1910"]
[BlackElo "1563"]
[PlyCount "35"]
[EventDate "2016.11.19"]
[EventType "swiss"]
[EventRounds "11"]
[EventCountry "CZE"]
[SourceTitle "CBM 175 Extra"]
[Source "ChessBase"]
[SourceDate "2016.12.12"]
[SourceVersion "1"]
[SourceVersionDate "2016.12.12"]
[SourceQuality "1"]

1. d4 Nf6 2. Nf3 d5 3. e3 c6 4. Bd3 e6 5. Nbd2 Nbd7 6. b3 Be7 7. 0-0 0-0 8. Bb2 Qc7 9. c4 Re8 10. Ne5 Nf8 11. Qc2 Ng6 12. f4 Bd6 13. Ndf3 Bxe5 14. dxe5 Nd7 15. Ng5 Nc5 16. Bxg6 hxg6 17. cxd5 exd5 18. Qxc5 1-0